000 01791nam a22002417a 4500
999 _c62172
_d62172
003 Ge_BSU
005 20240726113803.0
008 240726s2016 ge ||||| |||| 00| 0 geo d
020 _a9789941468148
041 _ageo
080 _a94(395)(031)ა-69
245 _aანტიკური კავკასია : ენციკლოპედია
_bტ. II, 2, ბ-ი /
_cრედაქტორები: რისმაგ გორდეზიანი, მაია დანელია ; ყდის დიზაინი ნიკა მაჩაიძისა.
264 _aთბილისი :
_b ლოგოსი,
_c 2016.
300 _a243 გვ.:
_b29 სმ.
440 _aპროგრამა ”ლოგოსი” : პუბლიკაციები და ღონისძიებები კლასიკური ფილოლოგიის, ბიზანტინისტიკისა და ნეოგრეცისტიკის სფეროში
_93642
505 _aბიბლიოგრ.: გვ. 7-9.
653 _aენციკლოპედია -- ანტიკური კავკასია.
653 _aEncyclopedia -- Caucasus Antiquu.
700 _aგორდეზიანი, რისმაგ
_eრედაქტორი
_922975
700 _aდანელია, მაია
_eრედაქტორი და სხვ.
_914583
710 _aივანე ჯავახიშვილის სახ. თბილისის სახელმწ. უნ-ტი, კლასიკური ფილოლოგიის, ბიზანტინისტიკისა და ნეოგრეცისტიკის ინ-ტი ;
_913901
942 _2udc
_cBK